000 00444nam a2200169Ia 4500
008 220204s9999 xx 000 0 und d
082 _a543
_bSNE;1
100 _aBiffen, Frank M
245 0 _aCommercial methods of analysis
260 _aBombay
_bTaraporevala
_c1972
650 _aAnalytical chemistry
650 _aPigment analysis
650 _aRubber analysis
650 _aWater analysis
700 _aSnell, Foster Dee
942 _cBK
999 _c23018
_d23018